000 00267nam a2200097Ia 4500
001 652721
005 20250826154444.0
008 250824s9999 xx 000 0 und d
245 0 _aÇOCUKLUĞUM ANTİK OKUL KLASİKLERİ
_cTOLSTOY
260 _bANTİK DÜNYA KLASİKLERİ
999 _c652721
_d652721